A REPORT on joint ESCAP/FAO mission to major tropical timber producing countries in Asia and Pacific

Bibliographic Details
Format: Book
Published: (Kuala Lumpur : s.l. , 1980)
Subjects:

MARC

LEADER 00000cam a2200000 7i4500
001 0000001768
005 20011119.0
090 0 0 |a 338.17498   |b REP 1980 
245 0 2 |a A REPORT on joint ESCAP/FAO mission to major tropical timber producing countries in Asia and Pacific 
260 0 0 |a (Kuala Lumpur :   |b s.l. ,   |c 1980) 
300 |a vi, 139 p. ;   |c 28 cm. 
650 0 0 |a Forest products industry 
650 0 0 |a Timber 
998 |a JPSM 
999 |a 0000002751   |b Monograph   |c Open Shelf   |e Default branch